عرض عادي
عرض مارك
- Technology, Pharmaceutical
مدخل مصطلح موضوعي
001 - رقم الضبط
- حقل الضبط: 13667
003 - معرف رقم الضبط
- حقل الضبط: OSt
005 - تاريخ ووقت أخر عملية
- حقل الضبط: 20120510182753.0
008 - عناصر بيانات ثابتة الطول
- حقل تحكم ثابت الطول: 120510|||a|||||| | ||| d
040 ## - مصدر الفهرسة
- هيئة الفهرسة الأصلية: OSt
- وكالة الكتابة: OSt
150 ## - مدخل-- مصطلح تاريخي
- عنصر مدخل المصطلح الموضوعي او الاسم الجغرافي: Technology, Pharmaceutical
- تفريع عام: standards.
670 ## - بيانات المصدر موجوده
- الاستشهاد بالمصدر: Work cat.: (OSt)0: Johnston, Mike, CPhT. 13662, Sterile products and aseptic techniques for the pharmacy technician /, 2011.
